ENGLISH WORDS FROM LATIN AND GREEK ELEMENTS / (Record no. 616200)

000 -LEADER
fixed length control field 00379nam a22001337a 4500
020 ## - INTERNATIONAL STANDARD BOOK NUMBER
Qualifying information HB.
040 ## - CATALOGING SOURCE
Transcribing agency FIZZA ISHAQ
082 ## - DEWEY DECIMAL CLASSIFICATION NUMBER
Classification number 423.1
Author Mark DON
100 ## - MAIN ENTRY--PERSONAL NAME
Personal name AYERS,M.DONALD.
9 (RLIN) 133195
245 ## - TITLE STATEMENT
Title ENGLISH WORDS FROM LATIN AND GREEK ELEMENTS /
Statement of responsibility, etc. DONALD M.AYERS.
260 ## - PUBLICATION, DISTRIBUTION, ETC.
Place of publication, distribution, etc. NEW YORK ;
Name of publisher, distributor, etc. THE UNIVERSITY OF ARIZONA PRESS,
Date of publication, distribution, etc. 1965.
300 ## - PHYSICAL DESCRIPTION
Extent 271 P. ;
Dimensions 8.9X5.9IN
942 ## - ADDED ENTRY ELEMENTS (KOHA)
Source of classification or shelving scheme
Koha item type Book
Holdings
Withdrawn status Lost status Source of classification or shelving scheme Damaged status Not for loan Permanent Location Current Location Shelving location Date acquired Total Checkouts Full call number Barcode Date last seen Price effective from Koha item type
          NUST Baluchistan Campus (NBC) NUST Baluchistan Campus (NBC) Text Books 02/13/2026   423.1 DON QD-963 02/13/2026 02/13/2026 Book
© 2023 Central Library, National University of Sciences and Technology. All Rights Reserved.